000
00303nam a2200121Ia 4500
008
190216s9999||||xx |||||||||||||| ||und||
100
_a
Singh H
245
0
_a
Business Organisation And Mangement
260
_b
Mcgraw-Hill International Edition
_c
1976
300
_a
345p
650
_a
Commerce
942
_c
BK
999
_c
4199
_d
4199